| 000 | 00617nam a22001937a 4500 | ||
|---|---|---|---|
| 003 | NUST-PNEC | ||
| 005 | 20170116180718.0 | ||
| 008 | 141022b xxu||||| |||| 00| 0 eng d | ||
| 020 | _a8129100118 | ||
| 040 | _cPNEC | ||
| 082 | _a621.803 IND | ||
| 100 |
_9755 _aIndigo Book |
||
| 245 |
_aIndigo Dictionary of Abbreviations _cIndigo Book |
||
| 260 |
_aNew Delhi _bIndigo Books _cc. 2002 |
||
| 300 | _a271 p. : | ||
| 500 | _ahttp://www.amazon.com/Indigo-Dictionary-Abbreviations-Books/dp/8129100118/ref=sr_1_1?s=books&ie=UTF8&qid=1413967631&sr=1-1&keywords=8129100118 | ||
| 650 | _xDictionaries | ||
| 942 |
_2ddc _cBK |
||
| 999 |
_c61250 _d61250 |
||